| 000 | 01996nam a2200337 i 4500 | ||
|---|---|---|---|
| 001 | 000036076 | ||
| 003 | DO-SdBNP | ||
| 005 | 20260508145118.0 | ||
| 007 | ta | ||
| 008 | 111129s1994 dr ac 000 0 spa d | ||
| 040 |
_aDO-SdBNP _bspa _cBNPHU _erda |
||
| 041 | _aspa | ||
| 082 | 4 |
_a782.42168 _bB862a _222 |
|
| 245 | 0 | 3 |
_aEl álbum de Eduardo Brito / _cpresentación, Arístides Incháustegui. |
| 264 | 1 |
_aSanto Domingo : _bSecretaría de Estado de Educación, Bellas Artes y Cultos, _c1994. |
|
| 300 |
_avii, 180 páginas : _bilustraciones, retratos ; _c28 cm. |
||
| 336 |
_atexto _btxt _2rdacontent |
||
| 337 |
_asin mediación _bn _2rdamedia |
||
| 338 |
_avolumen _bnc _2rdacarrier |
||
| 500 | _aIncluye referencias bibliográficas y notas al pie de las páginas | ||
| 504 | _aBibliografía : página 181 | ||
| 505 | _aDedicatoria, por la Lic. Jacqueline Malagón, v. -- Eduardo Brito, por Arístides Incháustegui vii. -- EL ALBUM DE EDUARDO BRITO: Primero paso en el arte,1. -- New York (1929-1932), 11. -- España (1932-1936), 25. -- Europa (1936-1937), 43. -- Regreso al país (1937), 55. --Puerto Rico (1937), 61. -- New York (1938), 69. -- Cuba (1938), 77. -- República Dominicana (1938), 89. -- Venezuela (1939) 93. -- República Dominicana (1939), 99. -- Colombia (1940-1941) 105. -- Panamá y Puerto Rico (1941), 123. -- República Dominicana (1942), 127. --Puerto Rico (1943-1944),135. -- New York (1944), 143. -- Ultimo retorno (1945), 147. -Discografía de Eduardo Brito, 167. -- Repertorio incluido en este álbum, 1980. -- Bibliografía consultada, 1981. | ||
| 590 | _aInventariado, 2023/BT | ||
| 600 | 1 | 4 |
_aBrito, Eduardo, _d1905-1946 _959721 |
| 650 | 4 |
_aMúsicos _zRepública Dominicana _962107 |
|
| 650 | 7 |
_aTenores (cantantes) _zRepública Dominicana _2LIBRUNAM _962108 |
|
| 650 | 7 |
_aCantantes dominicanos _2LIBRUNAM _958485 |
|
| 700 | 1 |
_aIncháustegui, Arístides, _epresentador _983438 _4pr. |
|
| 910 | _aBtavárez/Validado. Control de calidad MFF | ||
| 942 |
_2ddc _cLBS1 |
||
| 999 |
_c35567 _d35567 |
||